Ч. 2 : Галоген- и кислородсодержащие соединения; Сборник задач по органической химии с решениями
| Parent link: | Сборник задач по органической химии с решениями: учебное пособие/ Национальный исследовательский Томский политехнический университет (ТПУ), Институт физики высоких технологий (ИФВТ), Кафедра биотехнологии и органической химии (БИОХ). Ч. 2 : Галоген- и кислородсодержащие соединения.— 2-е изд., перераб. и доп..— , 2015-2016 |
|---|---|
| Altri autori: | , , , |
| Riassunto: | Заглавие с титульного экрана Представленный задачник является частью учебно-методического комплекса, разрабатываемого кафедрой органической химии и технологии органического синтеза ТПУ. В каждом домашнем задании от 5-ти до 10-ти типовых задач. Любая задача содержит 25 вариантов, обозначенных буквами алфавита. Таким образом, студент получает индивидуальное задание. Кроме типовых задач предложены задачи повышенной сложности, олимпиадные задания. Все задачи снабжены решениями. Для каждой типовой задачи приводится подробное решение одного из вариантов, для остальных 24-х вариантов даны ответы. Для сложных задач приведены подробные решения и необходимые комментарии. Предназначен для аудиторной и самостоятельной работы студентов химических специальностей технических и государственных университетов. Режим доступа: из корпоративной сети ТПУ |
| Lingua: | russo |
| Pubblicazione: |
2015
|
| Soggetti: | |
| Accesso online: | http://www.lib.tpu.ru/fulltext2/m/2016/m032.pdf |
| Natura: | MixedMaterials Elettronico Libro |
| KOHA link: | https://koha.lib.tpu.ru/cgi-bin/koha/opac-detail.pl?biblionumber=318076 |
MARC
| LEADER | 00000nlm2a2200000 4500 | ||
|---|---|---|---|
| 001 | 318076 | ||
| 005 | 20240122111531.0 | ||
| 035 | |a (RuTPU)RU\TPU\book\343557 | ||
| 090 | |a 318076 | ||
| 100 | |a 20160420d2015 m y0rusy50 ca | ||
| 101 | 0 | |a rus | |
| 102 | |a RU | ||
| 135 | |a drcn ---uucaa | ||
| 181 | 0 | |a i | |
| 182 | 0 | |a b | |
| 200 | 0 | |a Ч. 2 : Галоген- и кислородсодержащие соединения |f Т. А. Сарычева [и др.] | |
| 203 | |a Текст |c электронный | ||
| 210 | |d 2015 | ||
| 300 | |a Заглавие с титульного экрана | ||
| 330 | |a Представленный задачник является частью учебно-методического комплекса, разрабатываемого кафедрой органической химии и технологии органического синтеза ТПУ. В каждом домашнем задании от 5-ти до 10-ти типовых задач. Любая задача содержит 25 вариантов, обозначенных буквами алфавита. Таким образом, студент получает индивидуальное задание. Кроме типовых задач предложены задачи повышенной сложности, олимпиадные задания. Все задачи снабжены решениями. Для каждой типовой задачи приводится подробное решение одного из вариантов, для остальных 24-х вариантов даны ответы. Для сложных задач приведены подробные решения и необходимые комментарии. Предназначен для аудиторной и самостоятельной работы студентов химических специальностей технических и государственных университетов. | ||
| 333 | |a Режим доступа: из корпоративной сети ТПУ | ||
| 337 | |a Adobe Reader | ||
| 461 | 1 | |0 (RuTPU)RU\TPU\book\343553 |t Сборник задач по органической химии с решениями |o учебное пособие |o в 3 ч. |f Национальный исследовательский Томский политехнический университет (ТПУ), Институт физики высоких технологий (ИФВТ), Кафедра биотехнологии и органической химии (БИОХ) |v Ч. 2 : Галоген- и кислородсодержащие соединения |e 2-е изд., перераб. и доп. |d 2015-2016 | |
| 606 | 1 | |a Органическая химия |2 stltpush |3 (RuTPU)RU\TPU\subj\47309 |9 66362 | |
| 610 | 1 | |a учебные пособия | |
| 610 | 1 | |a труды учёных ТПУ | |
| 610 | 1 | |a электронный ресурс | |
| 610 | 1 | |a задачники | |
| 610 | 1 | |a органическая химия | |
| 610 | 1 | |a органический синтез | |
| 610 | 1 | |a типовые задачи | |
| 610 | 1 | |a решение задач | |
| 610 | 1 | |a олимпиадные задачи | |
| 610 | 1 | |a галогены | |
| 610 | 1 | |a кислородсодержащие соединения | |
| 610 | 1 | |a спирты | |
| 610 | 1 | |a фенолы | |
| 610 | 1 | |a органические галогениды | |
| 610 | 1 | |a альдегиды | |
| 610 | 1 | |a кетоны | |
| 610 | 1 | |a карбоновые кислоты | |
| 675 | |a 547(076) |v 3 | ||
| 701 | 1 | |a Сарычева |b Т. А. |c химик |c доцент Томского политехнического университета, кандидат химических наук |f 1952- |g Тамара Александровна |3 (RuTPU)RU\TPU\pers\26139 | |
| 701 | 1 | |a Тимощенко |b Л. В. |c химик |c доцент Томского политехнического университета, кандидат химических наук |f 1960- |g Лариса Владимировна |3 (RuTPU)RU\TPU\pers\26628 | |
| 701 | 1 | |a Штрыкова |b В. В. |c химик |c доцент Томского политехнического университета, кандидат химических наук |f 1962- |g Виктория Викторовна |3 (RuTPU)RU\TPU\pers\28949 |9 13682 | |
| 701 | 1 | |a Юсубова |b Р. Я. |c химик |c доцент Томского политехнического университета, кандидат химических наук |f 1964- |g Роза Явидовна |3 (RuTPU)RU\TPU\pers\28057 |9 13019 | |
| 801 | 2 | |a RU |b 63413507 |c 20170403 |g RCR | |
| 856 | 4 | |u http://www.lib.tpu.ru/fulltext2/m/2016/m032.pdf | |
| 942 | |c CF | ||